Vista normal
Vista MARC
Entrada Personal Name
Número de registros utilizados en: 1
001 - CONTROL NUMBER
- control field: 9620
003 - CONTROL NUMBER IDENTIFIER
- control field: DLC
005 - DATE AND TIME OF LATEST TRANSACTION
- control field: 20200615134107.0
008 - FIXED-LENGTH DATA ELEMENTS
- fixed length control field: 180813n| azannaabn |a aaa c
010 ## - LIBRARY OF CONGRESS CONTROL NUMBER
- LC control number: ns2018001770
035 ## - SYSTEM CONTROL NUMBER
- System control number: (CaEvSKY)skya11742994
040 ## - CATALOGING SOURCE
- Original cataloging agency: MX-MoT
- Language of cataloging: spa
- Description conventions: rda
- Transcribing agency: Mx-PuUPA
- Modifying agency: Mx-PuUPA
100 1# - HEADING--PERSONAL NAME
- Personal name: Aguilar Lámbarry, Hanni Angélica,
370 ## - ASSOCIATED PLACE
- Place of birth: Mexico City (Mexico)
- Source of term: naf
373 ## - ASSOCIATED GROUP
- Associated group: Instituto Politécnico Nacional (Mexico). Escuela Superior de Comercio y Administración
- Associated group: Universidad del Valle de México
- Source of term: naf
373 ## - ASSOCIATED GROUP
- Associated group: Universidad del Valle de Toluca
373 ## - ASSOCIATED GROUP
- Associated group: Tecnológico de Estudios Superiores de Ecatepec
374 ## - OCCUPATION
- Occupation: Profesores universitarios
- Source of term: lcsh
374 ## - OCCUPATION
- Occupation: Autor
375 ## - GENDER
- Gender: mujer
- Source of term: lcdgt
377 ## - ASSOCIATED LANGUAGE
- Language code: spa
400 1# - SEE FROM TRACING--PERSONAL NAME
- Personal name: Lámbarry, Hanni Angélica Aguilar
670 ## - SOURCE DATA FOUND
- Source citation: Contabilidad de sociedades: teoría y práctica, 2016:
- Information found: title page (Hanni Angélica Aguilar Lámbarry) page vi (nació en la Ciudad de México y es Contador Público egresado por el Instituto Politécnico Nacional, ESCA, Santo Tomás. Realizó sus estudios de maestría en Educación (UVM-Lomas Verdes) y Maestría en Administración y Desarrollo de Negocios (UVT-Toluca). Contador público certificado por la Asociación Nacional de Facultades y Escuelas de Contadoría y Administración (ANFECA) y ha sido miembro de la Asociación de Profesores de Contaduría y Administración (APCAM). Fue docente de la Escuela Superior de Comercio y Administración , IPN, y escuelas privadas a nivel maestría, a partir de 1996 ha sido maestro del Tecnológico de Estudios Superiores de Ecatepec)
670 ## - SOURCE DATA FOUND
- Source citation: Prácticas de contabilidad, 2017:
- Information found: t.p. ( Hanni Angélica Aguilar Lámbarry)
670 ## - SOURCE DATA FOUND
- Source citation: Biblioteca del congreso (Estados Unidos), 19 julio 2019:
- Information found: catálogo electrónico
- Uniform Resource Identifier: https://bit.ly/3e77kER